000
002520000a22000970004500
100
1
_a
Lucado, Max
245
1
0
_a
Una clase diferente de héroe
300
_a
Vol. 5, Num. 4 (Agosto, 1996), Páginas 4-6
773
0
_t
Temas de la vida cristiana
942
_c
ANA
999
_c
53394
_d
53394